Orang-utan behavior

Bibliographic Details
Main Author: Maple, Terry L.
Format: Book
Language:English
Published: New York : Van Nostrand Reinhold , 1980
Subjects:

MARC

LEADER 00000cam a2200000 7i4500
001 0000003219
005 20230531.0
008 991202 nyu eng
020 |a 0442251548 (pbk) 
040 |a INS 
090 0 0 |a QL737.P96   |b .M36 1980 
100 1 |a Maple, Terry L. 
245 1 0 |a Orang-utan behavior   |c Terry L. Maple 
260 |a New York :   |b Van Nostrand Reinhold ,   |c 1980 
300 |a xii, 268 p. :   |b ill. ;   |c 24 cm. 
504 |a Includes bibliographical references and index 
650 0 |a Mammals   |x Behavior 
650 0 |a Orang-utan   |x Behavior 
999 |a 0000004220   |b BOOK   |c Open Shelf   |e Default branch